Top 10 Lazio Starting XI - Statistics

General Stats
  • This quiz has been taken 779 times
    586 since last reset
  • The average score is 26 of 58
Answer Stats
Team Player % Correct
2016-17, 2017-18, 2019-20, 2022-23 Ciro Immobile
92%
2016-17, 2017-18, 2019-20, 2022-23 Sergej Milinković-Savić
85%
1999-00, 2000-01 Pavel Nedvěd
79%
2017-18, 2019-20, 2022-23 Luis Alberto
76%
2014-15, 2016-17, 2022-23 Felipe Anderson
75%
2016-17, 2017-18, 2019-20 Thomas Strakosha
75%
2022-23 Elseid Hysaj
73%
2014-15 Miroslav Klose
73%
2014-15, 2016-17, 2017-18, 2019-20 Ștefan Radu
70%
2014-15, 2016-17, 2017-18 Stefan de Vrij
66%
1999-00, 2000-01 Juan Sebastián Verón
65%
1998-99, 1999-00, 2000-01 Alessandro Nesta
64%
2017-18, 2022-23 Adam Marušić
63%
2022-23 Alessio Romagnoli
61%
2019-20 Joaquín Correa
60%
2019-20 Francesco Acerbi
59%
2000-01 Hernán Crespo
59%
2022-23 Ivan Provedel
59%
2017-18, 2019-20 Lucas Leiva
58%
1999-00, 2000-01 Diego Simeone
56%
2022-23 Mattia Zaccagni
55%
2014-15, 2016-17, 2017-18, 2019-20 Senad Lulić
55%
1998-99, 1999-00 Marcelo Salas
54%
1998-99, 1999-00 Siniša Mihajlović
50%
2019-20 Luiz Felipe
48%
2016-17 Keita Baldé
47%
2014-15 Federico Marchetti
45%
2019-20 Manuel Lazzari
45%
2022-23 Danilo Cataldi
44%
2014-15, 2016-17 Lucas Biglia
43%
2014-15, 2016-17, 2017-18 Marco Parolo
43%
2000-01 Angelo Peruzzi
42%
1998-99 Dejan Stanković
41%
2022-23 Nicolò Casale
40%
1998-99 Christian Vieri
39%
2017-18 Bastos
36%
1993-94, 1994-95, 1998-99, 1999-00 Luca Marchegiani
36%
1998-99, 1999-00 Sérgio Conceição
36%
2014-15 Antonio Candreva
34%
2014-15, 2016-17 Dušan Basta
31%
1998-99, 1999-00, 2000-01 Giuseppe Pancaro
30%
1993-94, 1994-95, 1999-00, 2000-01 Paolo Negro
30%
1993-94, 1994-95 Alen Bokšić
29%
1998-99, 1999-00 Matías Almeyda
28%
1993-94, 1994-95, 1998-99, 2000-01 Giuseppe Favalli
26%
1993-94, 1994-95 Giuseppe Signori
26%
2000-01 Karel Poborský
25%
1998-99 Roberto Mancini
25%
2014-15 Stefano Mauri
23%
1993-94, 1994-95 Aron Winter
19%
2000-01 Dino Baggio
18%
1993-94 Pierluigi Casiraghi
12%
1993-94, 1994-95 Diego Fuser
11%
1993-94, 1994-95 Roberto Di Matteo
9%
1994-95 José Chamot
8%
1993-94, 1994-95 Roberto Cravero
7%
1994-95 Roberto Rambaudi
6%
1993-94 Roberto Bacci
3%
No matching quizzes found
Score Distribution
Percent of People with Each Score
Percentile by Number Answered
Your Score History
You have not taken this quiz since the last reset